Movie Decades Click Quiz #5 - Statistics

General Stats
  • This quiz has been taken 4,471 times
  • The average score is 15 of 25
Answer Stats
Hint Answer % Correct
86%
76%
75%
69%
69%
68%
65%
65%
64%
59%
58%
57%
57%
57%
55%
54%
53%
52%
51%
50%
49%
49%
45%
45%
43%
No matching quizzes found
Score Distribution
Percent of People with Each Score
Percentile by Number Answered
Your Score History
You have not taken this quiz